The Guide to broadcasting stations (Record no. 63662)

000 -LEADER
fixed length control field 00465nam a22001817a 4500
003 - CONTROL NUMBER IDENTIFIER
control field NUST - PNEC
005 - DATE AND TIME OF LATEST TRANSACTION
control field 20170116180819.0
008 - FIXED-LENGTH DATA ELEMENTS--GENERAL INFORMATION
fixed length control field 150615b xxu||||| |||| 00| 0 eng d
020 ## - INTERNATIONAL STANDARD BOOK NUMBER
International Standard Book Number 0592000818
040 ## - CATALOGING SOURCE
Transcribing agency LIBRARY
082 ## - DEWEY DECIMAL CLASSIFICATION NUMBER
Classification number 384.5453 ILI
100 ## - MAIN ENTRY--PERSONAL NAME
9 (RLIN) 3970
Personal name ILIFFE
245 ## - TITLE STATEMENT
Title The Guide to broadcasting stations
Statement of responsibility, etc. Iliffee
260 ## - PUBLICATION, DISTRIBUTION, ETC.
Place of publication, distribution, etc. London:
Name of publisher, distributor, etc. Iliffe Books
300 ## - PHYSICAL DESCRIPTION
Extent 200 p. :
648 ## - SUBJECT ADDED ENTRY--CHRONOLOGICAL TERM
9 (RLIN) 3971
Chronological term Broadcasting guide
General subdivision EL, EE
942 ## - ADDED ENTRY ELEMENTS (KOHA)
Source of classification or shelving scheme
Koha item type Book
Holdings
Withdrawn status Lost status Source of classification or shelving scheme Damaged status Not for loan Permanent Location Current Location Shelving location Date acquired Source of acquisition Total Checkouts Full call number Barcode Date last seen Price effective from Koha item type
          Pakistan Navy Engineering College (PNEC) Pakistan Navy Engineering College (PNEC)     Library /reference Grant   384.5453 ILI PNECLIB-009357 06/15/2015 06/15/2015 Book
© 2023 Central Library, National University of Sciences and Technology. All Rights Reserved.